| 000 -LEADER |
| fixed length control field |
01065nam a22002297a 4500 |
| 003 - CONTROL NUMBER IDENTIFIER |
| control field |
OSt |
| 005 - DATE AND TIME OF LATEST TRANSACTION |
| control field |
20181127103637.0 |
| 008 - FIXED-LENGTH DATA ELEMENTS--GENERAL INFORMATION |
| fixed length control field |
180301b xxu||||| |||| 00| 0 spa d |
| 020 ## - INTERNATIONAL STANDARD BOOK NUMBER |
| International Standard Book Number |
9502004701 |
| 040 ## - CATALOGING SOURCE |
| Transcribing agency |
PJ |
| 100 ## - ASIENTO PRINCIPAL - NOMBRE DE PERSONA |
| 9 (RLIN) |
1641 |
| Personal name |
Basaldúa, Ricardo Xavier |
| 245 10 - MENCIÓN DE TÍTULO |
| Título propiamente dicho |
Introducción al derecho aduanero : |
| Parte restante del título |
concepto y contenido / |
| Mención de responsabilidad, etc |
Ricardo Xavier Basaldua. |
| 260 ## - PUBLICATION, DISTRIBUTION, ETC. (IMPRINT) |
| Place of publication, distribution, etc |
Buenos Aires : |
| Name of publisher, distributor, etc |
Abeledo-Perrot, |
| Date of publication, distribution, etc |
1988. |
| 300 ## - DESCRIPCION FISICA |
| Extent |
229 p. |
| Dimensions |
22 cm. |
| 500 ## - NOTA GENERAL |
| General note |
Notas y citas a pie de página. |
| 504 ## - NOTA DE BIBLIOGRAFÍA, ETC. |
| Bibliography, etc |
Bibliografía: p. 215-222. |
| 505 ## - FORMATTED CONTENTS NOTE |
| Formatted contents note |
Contenido:<br/>I: Introducción -- II. Investigación histórica -- III: Contenido del derecho aduanero en las legislaciones aduaneras y en el ámbito internacional -- IV: Presupuestos o elementos básicos del derecho aduanero -- V: La aduana -- VI: Contenido histórico o contingente del derecho aduanero -- VII: Contenido necesario o esencial del derecho aduanero . |
| 650 #0 - ASIENTO SECUNDARIO DE MATERIA - TERMINO TEMATICO |
| 9 (RLIN) |
3232 |
| Topical term or geographic name as entry element |
DERECHO ADUANERO |
| 650 #0 - ASIENTO SECUNDARIO DE MATERIA - TERMINO TEMATICO |
| 9 (RLIN) |
3233 |
| Topical term or geographic name as entry element |
SERVICIO ADUANERO |
| 650 #0 - ASIENTO SECUNDARIO DE MATERIA - TERMINO TEMATICO |
| 9 (RLIN) |
3235 |
| Topical term or geographic name as entry element |
ADUANAS |
| 942 ## - ADDED ENTRY ELEMENTS (KOHA) |
| Source of classification or shelving scheme |
|
| Koha item type |
Libros |
| Classification part |
339.543 |
| Item part |
BAS |